000 00296nam a2200121Ia 4500
008 191201s2019 xx 000 0 und d
100 _aDENNIS, Alan
245 0 _aSystem Analysis and Design
260 _aN.Delhi
_bJohn willey and Sons
300 _a516
650 _aB.Tech(CSE)
942 _2ddc
_cBK
999 _c1595
_d1595